Organic chemistry : (Record no. 3917)

MARC details
000 -LEADER
fixed length control field 01010cam a2200277 a 4500
001 - CONTROL NUMBER
control field 15934028
003 - CONTROL NUMBER IDENTIFIER
control field OSt
005 - DATE AND TIME OF LATEST TRANSACTION
control field 20160509164324.0
008 - FIXED-LENGTH DATA ELEMENTS--GENERAL INFORMATION
fixed length control field 091006s2011 nyua 001 0 eng
010 ## - LIBRARY OF CONGRESS CONTROL NUMBER
LC control number 2009040318
020 ## - INTERNATIONAL STANDARD BOOK NUMBER
International Standard Book Number 0716727218
040 ## - CATALOGING SOURCE
Original cataloging agency DLC
Transcribing agency DLC
Modifying agency DLC
050 00 - LIBRARY OF CONGRESS CALL NUMBER
Classification number QD251.3
Item number .V65 2011
082 00 - DEWEY DECIMAL CLASSIFICATION NUMBER
Classification number 547
Edition number 22
Item number VOL 2000
100 1# - MAIN ENTRY--PERSONAL NAME
Personal name Vollhardt, K. Peter C.
9 (RLIN) 8287
245 10 - TITLE STATEMENT
Title Organic chemistry :
Remainder of title structure and function /
Statement of responsibility, etc. Peter Vollhardt, Neil Schore.
250 ## - EDITION STATEMENT
Edition statement 3th ed.
260 ## - PUBLICATION, DISTRIBUTION, ETC. (IMPRINT)
Place of publication, distribution, etc. New York :
Name of publisher, distributor, etc. W.H. Freeman,
Date of publication, distribution, etc. 2000.
300 ## - PHYSICAL DESCRIPTION
Extent 1 v. (various pagings) :
Other physical details col.ill ;
Dimensions 29 cm.
650 #0 - SUBJECT ADDED ENTRY--TOPICAL TERM
Topical term or geographic name as entry element Chemistry, Organic
Form subdivision Textbooks.
9 (RLIN) 8582
700 1# - ADDED ENTRY--PERSONAL NAME
Personal name Schore, Neil Eric,
9 (RLIN) 8289
856 42 - ELECTRONIC LOCATION AND ACCESS
Materials specified Publisher description
Uniform Resource Identifier http://www.loc.gov/catdir/enhancements/fy1003/2009040318-d.html
906 ## - LOCAL DATA ELEMENT F, LDF (RLIN)
a 7
b cbc
c orignew
d 1
e ecip
f 20
g y-gencatlg
942 ## - ADDED ENTRY ELEMENTS (KOHA)
Source of classification or shelving scheme Dewey Decimal Classification
Koha item type Short Loan
Holdings
Withdrawn status Lost status Source of classification or shelving scheme Damaged status Not for loan Home library Current library Date acquired Inventory number Total Checkouts Full call number Barcode Date last seen Price effective from Koha item type
    Dewey Decimal Classification     MUST Main Library MUST Main Library 09/05/2016 2002/17213   547 VOL 2000 2016-1656 09/05/2016 09/05/2016 Short Loan
    Dewey Decimal Classification     MUST Main Library MUST Main Library 09/05/2016 2002/17215   547 VOL 2000 2016-1672 09/05/2016 09/05/2016 Short Loan
    Dewey Decimal Classification     MUST Main Library MUST Main Library 13/05/2016 2002/17214   547 VOL 2000 2016-1825 13/05/2016 13/05/2016 Short Loan